| 000 | 00753nam a22002177a 4500 | ||
|---|---|---|---|
| 999 |
_c16812 _d16812 |
||
| 003 | AR-CdUCM | ||
| 008 | 190506b ||||| |||| 00| 0 spa d | ||
| 040 |
_aMUNICIPALIDAD PROVINCIAL DEL CUSCO _cBIBLIOTECA MUNICIPAL DEL CUSCO |
||
| 082 |
_a128 / _bG83 |
||
| 100 |
_aGroethuysen, Bernhard _928638 |
||
| 245 | _aAntropología filosófica / | ||
| 260 |
_aBuenos Aires : _bEdit. Losada, _c1951. |
||
| 300 |
_a388 páginas ; _c19 cm. |
||
| 440 |
_aBiblioteca filosófica _915046 |
||
| 505 | _aContenido: Platón -- Aristóteles -- La filosofía greco romana de la vida -- Plotino... | ||
| 650 |
_aAntropología filosófica _912049 |
||
| 650 |
_aCiencias sociales _91096 |
||
| 650 |
_aPlatón _917186 |
||
| 942 |
_2ddc _cLIBROS |
||
| 945 |
_adavv _d06/05/2019 |
||